000 00539nam a22001697a 4500
003 OSt
005 20260310154042.0
008 260310b |||||||| |||| 00| 0 eng d
040 _cMRSPTU
041 _aEnglish
100 _aAmandeep Singh, Supervisor: Gagandeep Kaur
245 _aSelection of Circuit Breaker During Symmetrical Faults in Power System
260 _bDepartment of EE, MRSPTU, Bathinda
_c2015
650 _aElectrical Engineering
856 _uhttp://163.47.215.52:8080/jspui/handle/123456789/1174
942 _2ddc
_cTH
_n0
999 _c11108
_d11108